|
|
|
|
| LEADER |
01113nam a2200361 4500 |
| 001 |
DLU090094871 |
| 005 |
##20091201 |
| 040 |
# |
# |
|a DLU
|b eng
|
| 041 |
# |
# |
|a eng
|
| 044 |
# |
# |
|a us
|
| 245 |
# |
# |
|a Mercury speciation and microbial transformations in mine wastes, stream sediments, surface waters at the Almaden mining district, Spain /
|c John E. Gray ... [et al.].
|
| 653 |
# |
# |
|a Heavy metal
|
| 653 |
# |
# |
|a Mercury
|
| 653 |
# |
# |
|a Microbial transformation
|
| 653 |
# |
# |
|a Mining industry
|
| 653 |
# |
# |
|a Speciation
|
| 653 |
# |
# |
|a Water pollution
|
| 653 |
# |
# |
|a Water quality
|
| 700 |
# |
# |
|a Adatto, Isaac.
|
| 700 |
# |
# |
|a Gray, John E.
|
| 700 |
# |
# |
|a Higueras, Pablo L.
|
| 700 |
# |
# |
|a Hines, Mark E.
|
| 700 |
# |
# |
|a Lasorsa, Brenda K.
|
| 773 |
# |
# |
|t Environmental Science & Technology
|g Vol. 38, no. 16 (August 2004), p. 4285-4292
|
| 920 |
# |
# |
|a Phòng Tạp chí -- Trung tâm Thông tin - Thư viện Trường Đại học Đà Lạt
|
| 994 |
# |
# |
|a DLU
|
| 900 |
# |
# |
|a True
|
| 911 |
# |
# |
|a Trương Bảo Trâm Anh
|
| 925 |
# |
# |
|a G
|
| 926 |
# |
# |
|a A
|
| 927 |
# |
# |
|a BB
|
| 980 |
# |
# |
|a Thư viện Trường Đại học Đà Lạt
|